000 01201nam a2200325Ia 4500
003 OSt
005 20221007123115.0
006 a|||||r|||| 00| 0
007 ta
008 221006b |||||||| |||| 00| 0 eng d
020 _a9783319688909 (hbk)
024 _a200561
037 _b27960, 13/02/2019, Overseas Press (India) Pvt. Ltd.
_cTextual
040 _aPAPL
_cPAPL
_beng
041 _2eng
_aeng
082 _aD65, Q8 Carpa
100 _aGrigoriev Andrey D
_9716495
245 0 _aMicrowave electronics
_b Ivanov Vyacheslav A Molokovsky Sergey L
260 _aSwitzerland
_bSpringer
_c2018
300 _axxiii, 554p. ill.
_ccm.
490 _aSpringer series in advanced microelectronic 61
500 _aAppendix A-C 489-543p.; Bibliography 545-546p.; Index 547-554p.
650 _a Gyro-Resonant devices
_9716496
650 _a Microwave transistors
_9716497
650 _aPhysics
700 _a Ivanov Vyacheslav A
_9716498
700 _a Molokovsky Sergey L
_9716499
942 _hD65, Q8 Carpa
_cTEXL
_2CC
999 _c1211390
_d1211390